000
00250nam a22001217a 4500
008
170406b xxu||||| |||| 00| 0 eng d
041
_a
eng
080
_a
611.018
100
_a
9
101
_a
SHM
245
_a
HISTOLOGJIA
_c
CAKO.B
942
_2
udc
_c
BK
999
_c
10028
_d
10028